| 000 | 00442nam a2200157 a 4500 | ||
|---|---|---|---|
| 001 | 000026241 | ||
| 005 | 20200930024425.0 | ||
| 008 | 110307s1993 dr 000 0 spa d | ||
| 040 |
_aDO-SdBNP _bspa _cBNPHU |
||
| 082 |
_axxx _bG633h |
||
| 100 | 1 |
_aGómez Ricourt, Rafaela, _9267 |
|
| 245 | 1 | 4 |
_aLos hechos poderosos de Dios / _cRafaela Gómez Ricourt. |
| 260 |
_aSanto Domingo : _bGente;, _c1993. |
||
| 300 |
_a46 p. ; _c21 cm. |
||
| 049 | _aBNPD | ||
| 999 |
_c25733 _d25733 |
||